Statistiques concernant Stations de la ligne a de métro de Rennes

Cliquez ici pour prendre le quiz!

Statistiques générales

  • Ce quiz a été pris 241 fois
  • Le résultat moyen est 12 sur 15

Statistiques - réponses

Stations : Ligne a% Correct
République
95%
La Poterie
90%
Villejean - Université
88%
Gares
86%
J. F Kennedy
85%
Sainte-Anne
85%
Charles de Gaulle
80%
Pontchaillou
78%
Triangle
77%
Le Blosne
76%
Henri Fréville
74%
Anatole France
73%
Clemenceau
73%
Italie
73%
Jacques Cartier
69%

Distribution des résultats

Percentile par nombre de réponses

% des personnes avec chaque résultat

Votre développement - résultats

Vous n’avez pas pris ce quiz